Mixed Word: Groundhog Day Quiz Stats

 Plays Quiz Updated Feb 2, 2012

Support Sporcle.
Go Orange.
Score 0/15 Timer 02:00
0 Plays Today
Scrambled Word Unscrambled Word % Correct
EESSEE
99%
XSI RMEO ESWKESIX MORE WEEKS
93.8%
EIWTNRWINTER
88.4%
ALRYE SPIGRNEARLY SPRING
83.3%
DAWOSHSHADOW
82.9%
WOURBRBURROW
66.5%
LCUDOYCLOUDY
64.7%
AEURBRYF DOENCSFEBRUARY SECOND
64.3%
Scrambled Word Unscrambled Word % Correct
PRDTIECPREDICT
60.7%
WRHEEATWEATHER
53.7%
DKWHCOCOUWOODCHUCK
44.2%
OASETCFRFORECAST
41.2%
TNEORDRODENT
34.3%
IRAIBNENHTOHIBERNATION
32.8%
HIUSSNENSUNSHINE
31.1%

From the Vault

Hidden Neighbors of Mexico

by markassonne

Geography 30s
They're playing a really big game of hide and seek, so we've been told.
Remove Ads.
Support Sporcle.
Get the best of Sporcle when you Go Orange. This ad-free experience offers more features, more stats, and more fun while also helping to support Sporcle. Thank you for becoming a member.

Show Comments

Extras

Top Quizzes Today


Score Distribution

Your Account Isn't Verified!

In order to create a playlist on Sporcle, you need to verify the email address you used during registration. Go to your Sporcle Settings to finish the process.

Report this User

Report this user for behavior that violates our Community Guidelines.

Details: